Statistics for 100 Biggest Cities in Germany on a Map

Click here to take the quiz!

General Stats

  • This quiz has been taken 1,405 times
    (87 since last reset)
  • The average score is 45 of 100

Answer Stats

Population City % Correct
3,644,826Berlin
100%
753,056Frankfurt am Main
98%
1,085,664Cologne
98%
1,471,508Munich
98%
1,841,179Hamburg
98%
554,649Dresden
96%
569,352Bremen
95%
634,830Stuttgart
95%
619,294Dusseldorf
93%
518,365Nuremberg
93%
538,068Hanover
91%
587,857Leipzig
86%
583,109Essen
84%
587,010Dortmund
84%
309,370Mannheim
75%
180,741Saarbrücken
75%
217,118Mainz
73%
247,380Aachen
73%
247,548Kiel
71%
178,089Potsdam
71%
327,258Bonn
70%
333,786Bielefeld
68%
208,886Rostock
64%
314,319Münster
64%
498,590Duisburg
63%
313,092Karlsruhe
61%
217,198Lübeck
59%
295,135Augsburg
59%
238,697Magdeburg
55%
230,241Freiburg im Breisgau
55%
113,634Bremerhaven
55%
354,382Wuppertal
55%
126,329Ulm
55%
124,151Wolfsburg
54%
213,699Erfurt
54%
160,355Heidelberg
54%
364,628Bochum
54%
278,342Wiesbaden
52%
136,981Ingolstadt
50%
260,654Gelsenkirchen
48%
152,610Regensburg
48%
110,636Trier
48%
163,838Leverkusen
46%
164,748Osnabrück
46%
99,845Kaiserslautern
46%
114,024Koblenz
45%
247,235Chemnitz
45%
201,585Kassel
45%
248,292Braunschweig
43%
111,407Jena
43%
95,818Schwerin
41%
261,454Mönchengladbach
41%
239,257Halle (Saale)
41%
159,207Darmstadt
39%
100,219Cottbus
39%
119,801Göttingen
39%
89,504Flensburg
39%
150,580Paderborn
39%
127,880Würzburg
38%
168,210Oldenburg
36%
111,962Erlangen
32%
94,152Gera
30%
179,111Hamm
30%
171,061Ludwigshafen am Rhein
30%
125,960Heilbronn
30%
127,748Fürth
29%
227,020Krefeld
29%
128,744Offenbach am Main
27%
89,540Zwickau
27%
210,829Oberhausen
27%
102,836Siegen
25%
159,360Solingen
25%
111,966Bergisch Gladbach
25%
84,760Konstanz
23%
170,880Mülheim an der Ruhr
21%
117,383Bottrop
21%
125,542Pforzheim
21%
90,546Tübingen
21%
156,374Herne
21%
153,796Neuss
20%
188,814Hagen
20%
96,023Hanau
18%
83,330Worms
18%
104,948Salzgitter
18%
115,966Reutlingen
18%
110,994Remscheid
18%
112,267Recklinghausen
16%
101,990Hildesheim
16%
88,546Gießen
16%
103,725Moers
14%
96,563Witten
14%
100,194Gütersloh
13%
92,666Iserlohn
13%
93,542Esslingen am Neckar
11%
87,297Ratingen
9%
90,733Düren
9%
83,941Marl
7%
86,449Lünen
7%
85,181Villingen-Schwenningen
7%
93,499Ludwigsburg
4%

Score Distribution

Percentile by Number Answered

Percent of People with Each Score

Your Score History

You have not taken this quiz since the last reset